مكتبة جامعة عجلون الوطنية

فهرس بحث المكتبة

اثر التفكير الاستراتيجي في تعزيز الأداء الوظيفي لدى العاملين في وزارة الصحة الأردنية، الثقافة التنظيمية متغير وسيط= The impact of Strategic Thinking in Enhancing Employees Jop Performance in the Jordanian Ministry of Health. Organizational Culture as a Mediate / (Record no. 31322)

MARC details
000 -LEADER
fixed length control field 01273nam a2200241Ii 4500
003 - CONTROL NUMBER IDENTIFIER
control field JO-AjNU
005 - DATE AND TIME OF LATEST TRANSACTION
control field 20240625102012.0
008 - FIXED-LENGTH DATA ELEMENTS--GENERAL INFORMATION
fixed length control field 230605s9999||||xx |||||||||||||| ||und||
040 ## - CATALOGING SOURCE
Original cataloging agency JO-AjNU
Language of cataloging ara
Description conventions rda
Transcribing agency JO-AjNU
041 ## - LANGUAGE CODE
Language code of text/sound track or separate title ara
050 14 - LIBRARY OF CONGRESS CALL NUMBER
Classification number HF5549.5 2021
100 #1 - MAIN ENTRY--PERSONAL NAME
Personal name بني احمد، شروق محمد رشدي
9 (RLIN) 65592
245 10 - TITLE STATEMENT
Title اثر التفكير الاستراتيجي في تعزيز الأداء الوظيفي لدى العاملين في وزارة الصحة الأردنية، الثقافة التنظيمية متغير وسيط= The impact of Strategic Thinking in Enhancing Employees Jop Performance in the Jordanian Ministry of Health. Organizational Culture as a Mediate /
260 ## - PUBLICATION, DISTRIBUTION, ETC.
Date of publication, distribution, etc. 2021
300 ## - PHYSICAL DESCRIPTION
Extent 111 ورقة
Other physical details يحتوي على جداول توضيحية
336 ## - CONTENT TYPE
Content type term text
Content type code txt
Source rdacontent
337 ## - MEDIA TYPE
Media type term unmediated
Media type code n
Source rdamedia
338 ## - CARRIER TYPE
Carrier type term volume
Carrier type code nc
Source rdacarrier
500 ## - GENERAL NOTE
General note رسالة جامعية(اطروحة ماجستير) تخصص إدارة الأعمال/كلية ادارة الاعمال جامعة عجلون الوطنية، 2021
650 7# - SUBJECT ADDED ENTRY--TOPICAL TERM
Topical term or geographic name entry element الأداء الوظيفي-,.وزارة الصحة- الأردن
9 (RLIN) 61405
700 #1 - ADDED ENTRY--PERSONAL NAME
Personal name شطناوي،هشام علي
9 (RLIN) 64865
Relator term مشرف
942 ## - ADDED ENTRY ELEMENTS (KOHA)
Source of classification or shelving scheme Library of Congress Classification
Koha item type Thesis
Holdings
Withdrawn status Lost status Source of classification or shelving scheme Damaged status Not for loan Home library Current library Shelving location Date acquired Total Checkouts Full call number Barcode Date last seen Price effective from Koha item type
    Library of Congress Classification     مكتبة جامعة عجلون الوطنية مكتبة جامعة عجلون الوطنية المراجع 25/06/2024   HF5549.5 2021 A27754 06/06/2023 25/06/2024 Thesis
    Library of Congress Classification     مكتبة جامعة عجلون الوطنية مكتبة جامعة عجلون الوطنية المراجع 25/06/2024   HF5549.5 2021 a27753 25/06/2024 25/06/2024 Thesis